| 000 | 01070nam a2200313Ia 4500 | ||
|---|---|---|---|
| 003 | GCL | ||
| 005 | 20240530103048.0 | ||
| 008 | 140319s9999 xx 000 0 ara d | ||
| 040 |
_aGCL / _cGCL |
||
| 082 | 0 | 4 |
_a759 _bب ر |
| 100 | 1 | _aبدرالدين ابوغازى | |
| 245 | 1 | 0 |
_aرواد الفن التشكيلى / _cبدرالدين ابوغازى |
| 260 |
_a[S.N] : _bلجنة كتب سياسية ، _c0 |
||
| 260 |
_aالامارات : _bمركز الشارقة للابداع الفكرى ، _c0 |
||
| 300 |
_a157 ص ؛ _c20 سم |
||
| 650 | 0 | 4 | _aتاريخ |
| 650 | 0 | 4 | _aالجمعيات السرية |
| 650 | 0 | 4 | _aاليهودية |
| 650 | 0 | 4 | _aاسرائيل |
| 650 | 0 | 4 | _aالصهيونية |
| 650 | 0 | 4 | _aالفن المصرى القديم |
| 650 | 0 | 4 | _aبروتوكولات حكماء صهيون |
| 650 | 0 | 4 | _aالجمعيات |
| 650 | 0 | 4 | _aالفن الاسلامى |
| 650 | 0 | 4 | _aالفنانون - تراجم |
| 650 | 0 | 4 | _aالفنون التشكيلية - تراجم |
| 700 | 1 | _aلجنة كتب سياسية | |
| 942 |
_2ddc _cBK |
||
| 999 |
_c36528 _d36528 |
||